SONOGRAPHY IN GYNAECOLOGY & OBSTETRICS : JUST THE FACTS / (Record no. 795589)

MARC details
000 -LEADER
fixed length control field 00471pam a2200169 a 4500
020 ## - INTERNATIONAL STANDARD BOOK NUMBER
International Standard Book Number 0071238492
Terms of availability 1225.00
041 ## - LANGUAGE CODE
Language code of text/sound track or separate title eng
Language code of original NULL
082 ## - DEWEY DECIMAL CLASSIFICATION NUMBER
Classification number 618.047543
Item number FLE
100 ## - MAIN ENTRY--PERSONAL NAME
Personal name FLIESCHER, A .
245 ## - TITLE STATEMENT
Title SONOGRAPHY IN GYNAECOLOGY & OBSTETRICS : JUST THE FACTS /
Statement of responsibility, etc. NULL.
Medium Textual Documents
260 ## - PUBLICATION, DISTRIBUTION, ETC.
Place of publication, distribution, etc. NULL :
Name of publisher, distributor, etc. MCGRAW HILL ,
Date of publication, distribution, etc. 2004.
300 ## - PHYSICAL DESCRIPTION
Extent 267 :
Other physical details xi ;
Dimensions NULL .
365 ## - TRADE PRICE
Price type code 1225.00
650 ## - SUBJECT ADDED ENTRY--TOPICAL TERM
Topical term or geographic name entry element OBST.GYNE
930 ## - EQUIVALENCE OR CROSS-REFERENCE-UNIFORM TITLE HEADING [LOCAL, CANADA]
Uniform title 1053
Holdings
Withdrawn status Lost status Damaged status Not for loan Home library Current library Date acquired Source of acquisition Cost, normal purchase price Total Checkouts Full call number Barcode Date due Date last seen Date last checked out Copy number Price effective from Koha item type
        Medical College & Hospital, Sangli Medical College & Hospital, Sangli 28/11/2011 1225.00 1 618.047543 FLE MCS-3251 01/10/2043 06/10/2023 06/10/2023 1 26/07/2023 Book